Der stilistische Bau der Geschichte des Sinuhe.

محفوظ في:

المؤلف الرئيسي: Grapow, Hermann, 1885-1967.

التنسيق: كتاب

اللغة: German

منشور في: Berlin : Akademie-Verlag, 1952.

سلاسل: Untersuchungen zur ägyptischen Stilistik ; 1.

الموضوعات:

الوسوم: إضافة وسم

لا توجد وسوم, كن أول من يضع وسما على هذه التسجيلة!

رقم الطلب: PJ1251 .U5 v.1

LEADER 00638nam a22002177a 4500
003 OSt
005 20251020072206.0
008 251020t1952 gw 000 0 ger d
040 |c ARCE Library 
050 1 4 |a PJ1251  |b .U5 v.1 
100 1 |a Grapow, Hermann,   |d 1885-1967. 
245 1 0 |a Der stilistische Bau der Geschichte des Sinuhe. 
264 1 |a Berlin :   |b Akademie-Verlag,   |c 1952. 
300 |a 124 p., 25 leaves ;   |c 29 cm. 
490 0 |a Untersuchungen zur ägyptischen Stilistik ;   |v 1. 
650 0 |a Egyptian language -- Style. 
650 0 |a Sanehet. 
650 0 |a Story of Senuhe. 
901 |a reviewed 
942 |2 lcc  |c BK 
999 |c 49487  |d 49487